Suelos residuales de origen volcánico en el Valle Central Occidental de Costa Rica
Guardado en:
| Autor principal: | |
|---|---|
| Formato: | Libro |
| Lenguaje: | Undetermined |
| Publicado: |
[San José, Costa Rica]
2004
|
| Materias: | |
| Etiquetas: |
Agregar Etiqueta
Sin Etiquetas, Sea el primero en etiquetar este registro!
|
MARC
| LEADER | 00000nam a2200000Ia 4500 | ||
|---|---|---|---|
| 003 | 009358 | ||
| 005 | 20221231144137.0 | ||
| 008 | 140114s9999 xx 000 0 und d | ||
| 040 | |c cru CEDI | ||
| 090 | |a TFG 4897 | ||
| 100 | |a Lacayo Elizondo, Luis Gonzalo |9 6408 | ||
| 245 | |a Suelos residuales de origen volcánico en el Valle Central Occidental de Costa Rica | ||
| 260 | |c 2004 |a [San José, Costa Rica] | ||
| 300 | |a xi, 182, [31] hojas : ilustraciones (algunas a color), mapas color | ||
| 500 | |a Proyecto de graduación (licenciatura en ingeniería civil) -- Universidad de Costa Rica. Facultad de Ingeniería. Escuela de Ingeniería Civil | ||
| 650 | |x SUELOS VOLCANICOS |x MECANICA DE SUELOS |9 6409 | ||
| 942 | |c TFG | ||
| 999 | |c 17520 |d 17520 | ||
